[Event "GRE-chT Online Rapid op 1st"]
[Site "Tornelo INT"]
[Date "2021.02.21"]
[Round "6.29"]
[White "Kalamoukos, Grigorios"]
[Black "Radis, Sokratis"]
[Result "1-0"]
[WhiteElo "1651"]
[BlackElo "1279"]
[PlyCount "75"]
[EventDate "2021.02.20"]
[EventType "team-swiss (rapid)"]
[EventRounds "9"]
[EventCountry "GRE"]
[SourceTitle "EXT 2023"]
[Source "ChessBase"]
[SourceDate "2022.10.05"]
[SourceVersion "1"]
[SourceVersionDate "2022.10.05"]
[SourceQuality "1"]

1. d4 d5 2. c4 e6 3. Nc3 Nf6 4. Nf3 Be7 5. g3 0-0 6. cxd5 Nxd5 7. Bg2 c6 8. 0-0 Nd7 9. Bf4 Nxf4 10. gxf4 Nf6 11. e3 Nd5 12. Kh1 g6 13. Rg1 Bh4 14. Qe2 Bf6 15. Ne5 Bg7 16. Be4 Nf6 17. Bd3 Nd7 18. Rg3 Nxe5 19. fxe5 b6 20. Ne4 Bb7 21. Nd6 Qc7 22. Be4 Rab8 23. Rag1 Ba8 24. h4 c5 25. h5 Bxe4+ 26. Nxe4 Qb7 27. Qf3 Qe7 28. Kh2 cxd4 29. exd4 Rbc8 30. Nf6+ Bxf6 31. exf6 Qc7 32. Qe3 Qd8 33. Rf3 Qd6+ 34. Rgg3 Rfe8 35. hxg6 fxg6 36. f7+ Kh8 37. fxe8Q+ Rxe8 38. Qe5+ 1-0

[Event "GRE-chT Online Rapid op 1st"]
[Site "Tornelo INT"]
[Date "2021.02.21"]
[Round "8.37"]
[White "Radis, Sokratis"]
[Black "Samartzidis, Dimitrios"]
[Result "1-0"]
[WhiteElo "1279"]
[BlackElo "1208"]
[PlyCount "87"]
[EventDate "2021.02.20"]
[EventType "team-swiss (rapid)"]
[EventRounds "9"]
[EventCountry "GRE"]
[SourceTitle "EXT 2023"]
[Source "ChessBase"]
[SourceDate "2022.10.05"]
[SourceVersion "1"]
[SourceVersionDate "2022.10.05"]
[SourceQuality "1"]

1. d4 d5 2. Bf4 Nf6 3. e3 a6 4. Nf3 Nc6 5. c3 Bg4 6. Nbd2 e6 7. Bd3 Bd6 8. Bg3 Bxg3 9. hxg3 Qd6 10. Qc2 h6 11. e4 0-0-0 12. e5 Qe7 13. exf6 Qxf6 14. 0-0-0 Rhe8 15. Rde1 e5 16. dxe5 Nxe5 17. Nxe5 Rxe5 18. Rxe5 Qxe5 19. Nf3 Qf6 20. Nd4 Qg5+ 21. Qd2 Qf6 22. Qf4 Qxf4+ 23. gxf4 Re8 24. Kd2 c5 25. Bf5+ Bxf5 26. Nxf5 Rg8 27. Ne7+ Kd7 28. Nxg8 Ke6 29. Nxh6 gxh6 30. Rxh6+ f6 31. Rh7 b5 32. Ra7 Kf5 33. Rxa6 Kxf4 34. Ra5 Ke4 35. Rxb5 c4 36. b3 cxb3 37. axb3 d4 38. cxd4 Kxd4 39. Rf5 Ke4 40. Rxf6 Kd4 41. Rf3 Ke4 42. Re3+ Kf4 43. b4 Kg4 44. b5 1-0

[Event "GRE-chT Online Rapid op 1st"]
[Site "Tornelo INT"]
[Date "2021.02.20"]
[Round "3.28"]
[White "Radis, Sokratis"]
[Black "Lentzos, Ioanis"]
[Result "0-1"]
[WhiteElo "1279"]
[BlackElo "2076"]
[PlyCount "68"]
[EventDate "2021.02.20"]
[EventType "team-swiss (rapid)"]
[EventRounds "9"]
[EventCountry "GRE"]
[SourceTitle "EXT 2023"]
[Source "ChessBase"]
[SourceDate "2022.10.05"]
[SourceVersion "1"]
[SourceVersionDate "2022.10.05"]
[SourceQuality "1"]

1. d4 f5 2. Bf4 Nf6 3. e3 g6 4. Nf3 Bg7 5. h3 d6 6. c3 0-0 7. Bc4+ e6 8. 0-0 Qe7 9. Nbd2 Kh8 10. Bb3 Nc6 11. Re1 e5 12. dxe5 dxe5 13. Bh2 Bd7 14. Nc4 Ne4 15. Nfd2 Nc5 16. Nf3 Rad8 17. Qc2 Be6 18. Ncxe5 Nxe5 19. Nxe5 Bxb3 20. Nxg6+ hxg6 21. axb3 a6 22. Red1 Rxd1+ 23. Rxd1 Rd8 24. Re1 c6 25. b4 Ne4 26. Re2 Qd7 27. g3 Qd1+ 28. Kg2 Qxc2 29. Rxc2 Rd2 30. Rxd2 Nxd2 31. g4 fxg4 32. hxg4 Nc4 33. b3 Nd2 34. c4 Nxb3 0-1